01415nam a2200277Ia 4500008004100000020001500041040001800056041000800074245002900082260003600111300002500147490002300172505020500195520031100400538017700711650001700888650001700905650001600922650000900938650001900947650003500966740002101001740002701022740004601049740004201095130821s1997 sp gs spa  a8434595273 aCo-BoUCMbspa00aspa00aHistoria del Arte Salvat aMadrid (España)bSalvatc1997 a4 CD-ROMe1 folleto. aSalvat Multimedia.0 aFOLLETO . Aprenda a interpretar el arte. -- V.1: Egipcio y Griego. -- V.2 : Romano, Islámico, románico y Gótico. -- V.3 : Renacimiento y Barroco. -- V.4 : Romántico, Realismo e impresionismo. aEs una obra con enfoque evolutivo que permite navegar a traves de 6000 años de historia y mas de un millar de obras de arte, analizándolas desde sus orígenes de forma interactiva. De esta manera, se llega a comprender el impacto que los cambios sociopolíticos han tenido en la evolución del arte. aConfiguración mínima PC: ( Mb RAM, CD-ROM x 4, Pantalla VGA, Ratón compatible con MIcrosoft, Tarjeta de sonido compatible con Sound Blaster, Windows 3.1 o Windows 95.04aArte barroco04aArte egipcio04aArte romano04aArte04aArtexHistoria04aImpresionismo (Arte)xHistoria aEgipcio y Griego00aRenacimiento y Barroco00aRomano, Islámico, románico y Gótico00aRomántico, Realismo e impresionismo